The Marvels of Palmistry / (Record no. 211102)

MARC details
000 -LEADER
fixed length control field 00700nam a22001937a 4500
005 - DATE AND TIME OF LATEST TRANSACTION
control field 20250424150654.0
010 ## - LCCN (DPL NO)
LC control number ENG-144756
020 ## - INTERNATIONAL STANDARD BOOK NUMBER
International Standard Book Number 9788183821261
Terms of availability 125.00
035 ## - SYSTEM CONTROL NUMBER
System control number EN-128288
037 ## - SOURCE OF ACQUISITION
Source of stock number/acquisition DBAD
082 ## - DEWEY DECIMAL CLASSIFICATION NUMBER
Classification number 133.6
Edition number 1
100 ## - MAIN ENTRY--PERSONAL NAME
Personal name Sharma, Gopal
245 ## - TITLE STATEMENT
Title The Marvels of Palmistry /
Statement of responsibility, etc Gopal Sharma, Shastri Bhori Lal Kala
260 ## - PUBLICATION, DISTRIBUTION, ETC. (IMPRINT)
Place of publication, distribution, etc New delhi
Name of publisher, distributor, etc lotus Press Publishers & Distributors
Date of publication, distribution, etc 2014
270 ## - ADDRESS
Address Unit no.220,2nd floor, 4735/22, Prakash deep Building, Ansari road
City Daryaganj, New Delhi
Postal code 110002
Electronic mail address lotus_press@sify.com
300 ## - PHYSICAL DESCRIPTION
Extent 164 p.
Dimensions 22 cm.(Pbk)
700 ## - ADDED ENTRY--PERSONAL NAME
Personal name Gopal Sharma, Shastri Bhori Lal Kala
9 (RLIN) 76691
942 ## - ADDED ENTRY ELEMENTS (KOHA)
Source of classification or shelving scheme Dewey Decimal Classification
Item type English Books
Classification part 133.6
Call number suffix GOP
Holdings
Withdrawn status Lost status Not for loan Home library Current library Date acquired Source of acquisition Cost, normal purchase price Full call number Barcode Copy number Cost, replacement price Koha item type
      Ashok Vihar Ashok Vihar 24/04/2025 DBAD 125.00 133.6 GOP EN-128288 1 125.00 English Books

© Delhi Public Library
Hit Counter
free hit counter